000 00335nam a2200133Ia 4500
008 230907s9999||||xx |||||||||||||| ||und||
082 _a530
_bHAR
100 _aHarris, Randy.
_9115584
245 0 _aModern physics /
260 _aPearson,
_bNoida :
_c2017
300 _axiv, 558, [64] p. :
650 _aTextbooks.
_98511
942 _cBK
999 _c598885
_d598885